Statistics for Formula One Champions

Click here to take the quiz!

General Stats

  • This quiz has been taken 83 times
  • The average score is 55 of 69

Answer Stats

YearDriver% Correct
1950Giuseppe Farina
91%
1952Alberto Ascari
89%
1953Alberto Ascari
89%
1954Juan Manuel Fangio
89%
1955Juan Manuel Fangio
89%
1956Juan Manuel Fangio
89%
1957Juan Manuel Fangio
89%
1951Juan Manuel Fangio
89%
1991Ayrton Senna
84%
1994Michael Schumacher
84%
2000Michael Schumacher
84%
1958Mike Hawthorn
84%
1992Nigel Mansell
84%
2001Michael Schumacher
82%
1995Michael Schumacher
82%
1993Alain Prost
81%
1989Alain Prost
81%
1988Ayrton Senna
81%
1990Ayrton Senna
81%
2005Fernando Alonso
81%
2006Fernando Alonso
81%
1962Graham Hill
81%
1976James Hunt
81%
2003Michael Schumacher
81%
2002Michael Schumacher
81%
1998Mika Hakkinen
81%
1999Mika Hakkinen
81%
1977Niki Lauda
81%
1961Phil Hill
81%
1980Alan Jones
79%
1996Damon Hill
79%
1960Jack Brabham
79%
1959Jack Brabham
79%
1997Jacques Villeneuve
79%
2009Jenson Button
79%
1964John Surtees
79%
2007Kimi Raikkonen
79%
2017Lewis Hamilton
79%
2014Lewis Hamilton
79%
2008Lewis Hamilton
79%
2018Lewis Hamilton
79%
2004Michael Schumacher
79%
1975Niki Lauda
79%
2010Sebastian Vettel
79%
1986Alain Prost
77%
1974Emerson Fittipaldi
77%
1971Jackie Stewart
77%
1969Jackie Stewart
77%
1965Jim Clark
77%
1963Jim Clark
77%
2015Lewis Hamilton
77%
1981Nelson Piquet
77%
2011Sebastian Vettel
77%
2012Sebastian Vettel
77%
2013Sebastian Vettel
77%
1985Alain Prost
75%
1972Emerson Fittipaldi
75%
1966Jack Brabham
75%
1973Jackie Stewart
75%
1970Jochen Rindt
75%
1979Jody Scheckter
75%
1982Keke Rosberg
75%
1978Mario Andretti
75%
1983Nelson Piquet
75%
2016Nico Rosberg
75%
1968Graham Hill
74%
1987Nelson Piquet
74%
1984Niki Lauda
74%
1967Denny Hulme
72%

Score Distribution

Percentile by Number Answered

Percent of People with Each Score

Your Score History

You have not taken this quiz